Audit produktu : Díl 5

Saved in:
Bibliographic Details
Format: Book
Language:Czech
Published: Praha : Česká společnost pro jakost, 2009
Edition:2. přepr. vyd.
Series:Management jakosti v automobilovém průmyslu 6
Subjects:
Tags: Add Tag
No Tags, Be the first to tag this record!

MARC

LEADER 00000nam a22000003a 4500
001 stu264638
005 20150408183031.9
008 130320s2009----xr------------------cze-d
020 |a 978-80-02-02130-8 
040 |a STU  |b slo 
041 0 |a cze 
044 |a xr 
080 |a 658.56 
245 |a Audit produktu :  |b Díl 5 
250 |a 2. přepr. vyd. 
260 |a Praha :  |b Česká společnost pro jakost,  |c 2009 
300 |a 38 s 
650 7 |a kvalita  |2 stusub 
650 7 |a automobilový priemysel  |2 stusub 
650 7 |a manažment kvality  |2 stusub 
830 0 |a Management jakosti v automobilovém průmyslu  |v 6 
996 |b 284M084983  |c M*B-680  |l MMKN  |s A  |a 24  |w stu264638_0001